Popularne numery rap/trap tygodnia 28.05-03.06 Spotify. - Statystyki

Ogólne statystyki
  • Ten quiz został rozwiązany 15 razy
  • Średni wynik to 17 z 30
Statystyki odpowiedzi
Wykonawca Odsłuchania Utwór % Poprawnych
Ekipa, Jacuś 1.85M Zygzak
100%
OIO 1.09M Amerykańskie Teledyski
86%
Ekipa 413K 3KIPA
79%
Sobel 1.22M Fiołkowe Pole
79%
Sobel 452K Impreza
79%
Mata 863K Patoreakcja
79%
OIO 1.18M Worki W Tłum
79%
Sobel 1.04M Bandyta
71%
Guzior 463K BLUEBERRY
71%
Ekipa 509K Chill
71%
OIO 562K MVP
71%
Alberto 389K Dwutakt
64%
Guzior, Oskar83 438K FALA
64%
Reto 330K Billy Kid
57%
Sobel 437K Kinol
57%
Mata 366K Schodki
57%
Chivas, White 2115 558K Mam Na Twarzy Krew I Tym Razem Nie Jest Sztuczna
50%
Kizo, Wac Toja 613K Nasze Lato
50%
OIO 767K Przypadkiem
50%
Sobel 396K Alien
43%
Kizo, Trill Pem 345K Fitness
43%
Sobel, Young Igi 433K Nie Teraz
43%
Żabson, Kizo, ZetHa, Vladimir Cauchemar 356K Puerto Bounce
43%
Wiatr, Sobel, Be Vis 516K Testarossa
43%
Białas, White 2115 438K Święto Ogródka
36%
Chivas, White 2115, Szpaku 470K Hellcat Redeye
29%
Chivas 376K Jakbym Miał W Ręku Klamkę
29%
Chivas 318K Młody Say10
29%
Pusher, Oska030 318K Baba Hassan
21%
Deemz, Reto, Żabson 398K Wasabi
21%
Nie znaleziono quizów pasujących do podanych kryteriów
Rozkład punktacji
Procent ludzi z każdym wynikiem
Percentyl według liczby udzielonych odpowiedzi
Twoja historia wyników
Nie rozwiązałeś tego quizu